000 00299nam a2200121Ia 4500
008 220204s9999 xx 000 0 und d
082 _a576.36
_bDYE
100 _aDyer, Adrian F
245 0 _aInvestigating chromosomes
260 _aLondon
_bEdward Arnold
_c1979
650 _aChromosome
942 _cBK
999 _c34477
_d34477